Дело о допущении к употреблению, в виде пособия, в гимназиях по Санкт-Петербургскому и прочим учебным округам 2-го издания книги...

Доступно только в Электронных читальных залах Найти на картеНа карте
RUSMARC
00004469nmc2a2200000 x 450
001a5c64ad6-a531-41c3-a09f-ac3b34997bf6
00520151216183622.0
100##$a20150907l18531855k l0rusy0189 ca
1010#$arus
102##$aRU
2001#$aДело о допущении к употреблению, в виде пособия, в гимназиях по Санкт-Петербургскому и прочим учебным округам 2-го издания книги для переводов с русского на немецкий, французский и английский языки, Крылова, Ульянова и Студитского
$j20 февраля 1853 г. - 13 января 1855 г.
251##$cДело
300##$aДело
300##$aОриг. заголовок дела: Дело о допущении к употреблению в гимназиях по Санкт-Петербургскому учебному округу книги для переводов с русского на немецкий, французский и английский языки, Крылова, Ульянова и Студитского (продолжение дела, начавшегося 15 марта 1845 года). 20 февраля 1853 г. - 13 января 1855 г
801#0$aRU
$bРГИА
$c20150907
$gRCR
801#1$aRU
$bГлавНИВЦ
$c20150907
$2rusmarc
801#2$aRU
$bПБ им. Б.Н. Ельцина
$c20151216
$gRCR
$2rusmarc
850##$aРГИА
852##$aРГИА
$eФедеральное казенное учреждение "Российский государственный исторический архив" (РГИА)
$j134
937##$hРГИА
$d12093827
$aASBIBLIO_SCAN
462#0$10013d4ad87c-3c8e-4757-8ff0-2631146d10d4
$12001
$aДела Хозяйственного отделения по книжной части Департамента народного просвещения за 1850-1865 гг.
$1251
$cОпись
$1852
$j108
461#0$1001a74412a3-3cc5-4d21-8f0a-dfe2fbd9e72d
$12001
$aДепартамент народного просвещения Министерства народного просвещения
$1251
$cФонд
$1852
$j733
215##$a13 л.
$d36,5x26 см
371##$aДокумент не является опубликованным и широко распространяемым
105##$ay###
1222#$ad
5171#$aДело о допущении к употреблению в гимназиях по Санкт-Петербургскому учебному округу книги для переводов с русского на немецкий, французский и английский языки, Крылова, Ульянова и Студитского (продолжение дела, начавшегося 15 марта 1845 года). 20 февраля 1853 г. - 13 января 1855 г
035##$aa5c64ad6-a531-41c3-a09f-ac3b34997bf6
Формат отображения